Villes fondées avant Jésus-Christ- Mort subite - Statistiques

Statistiques générales
  • Ce quiz a été pris 81 fois
  • Le résultat moyen est 4 sur 15
Answers on the Grid
Answers color-coded by a green-red scale on the quiz's grid according to % correct below.
Alexandrie
Bagdad
Jérusalem
Séoul
Pékin
Buenos Aires
Mexico
Delhi
Shangai
Reykjavik
Tokyo
Naples
Rio de Janeiro
Madrid
Istanbul
Moscou
Rome
Athènes
Bangkok
Rabat
Dakar
Tunis
Pretoria
Paris
Varsovie
Alger
Vienne
Zurich
Beyrouth
Kiev
 
Statistiques - réponses
Réponse % Correct
Jérusalem
69%
Rome
64%
Alexandrie
53%
Athènes
49%
Istanbul
42%
Paris
38%
Naples
29%
Pékin
22%
Tunis
20%
Beyrouth
16%
Alger
15%
Delhi
9%
Vienne
5%
Séoul
2%
Zurich
2%
Aucun quiz correspondant
Distribution des résultats
% des personnes avec chaque résultat
Percentile par nombre de réponses
Votre historique - résultats
Vous n’avez pas pris ce quiz